000
00286nam a22001337a 4500
008
170225b xxu||||| |||| 00| 0 eng d
020
_a
0721696627
041
_a
eng
080
_a
617
100
_a
5
101
_a
SHK
245
_a
NEUROLOGICAL SURGERY
_c
YOUMANS, J.R
942
_2
udc
_c
BK
999
_c
6257
_d
6257